Rozpoznaj słynne miejsce Londynu po zdjęciu - Statystyki

Ogólne statystyki
  • Ten quiz został rozwiązany 28 razy
  • Średni wynik to 9 z 15
Statystyki odpowiedzi
Obrazkowy Odpowiedź % Poprawnych
Big Ben
100%
London Eye
90%
Buckingham Palace
81%
Tower Bridge
81%
Camden Market
62%
British Museum
57%
Hyde Park
52%
Westminster Abbey
52%
Piccadilly Circus
48%
The Shard
48%
Tower of London
48%
Trafalgar Square
48%
St Paul's Cathedral
43%
The Gherkin
33%
Covent Garden
14%
Nie znaleziono quizów pasujących do podanych kryteriów
Rozkład punktacji
Procent ludzi z każdym wynikiem
Percentyl według liczby udzielonych odpowiedzi
Twoja historia wyników
Nie rozwiązałeś tego quizu